[Event "24. Open Moratalaz 2011"]
[Site "Madrid ESP"]
[Date "2011.09.15"]
[Round "1.1"]
[White "Pindado Campos, Raul"]
[Black "Vazquez Igarza, Renier"]
[Result "0-1"]
[WhiteElo "1830"]
[BlackElo "2572"]
[PlyCount "64"]
[EventDate "2011.09.15"]
[EventType "swiss"]
[EventRounds "9"]
[EventCountry "ESP"]
[Source "lmi"]
[SourceDate "2011.09.15"]

1. d4 Nf6 2. Nf3 e6 3. Bg5 c5 4. e3 Be7 5. Bd3 b6 6. Nbd2 Bb7 7. Bxf6 Bxf6 8.
c4 O-O 9. Qc2 g6 10. h4 cxd4 11. exd4 Nc6 12. h5 Kg7 13. O-O-O d5 14. hxg6 hxg6
15. Rh3 Rh8 16. Rdh1 Rxh3 17. Rxh3 Rc8 18. Kb1 dxc4 19. Nxc4 Nxd4 20. Nxd4 Qxd4
21. Rg3 Be4 22. Bxe4 Rxc4 23. Rc3 Rxc3 24. bxc3 Qc5 25. Kb2 Qb4+ 26. Kc1 Bxc3
27. f3 Be5 28. g4 Qe1+ 29. Qd1 Bb2+ 30. Kc2 Qc3+ 31. Kb1 Ba3 32. Qh1 Qb2# 0-1

[Event "24. Open Moratalaz 2011"]
[Site "Madrid ESP"]
[Date "2011.09.15"]
[Round "1.2"]
[White "Moreno Ruiz, Javier"]
[Black "Ananian, Arman"]
[Result "1-0"]
[WhiteElo "2536"]
[BlackElo "1817"]
[PlyCount "45"]
[EventDate "2011.09.15"]
[EventType "swiss"]
[EventRounds "9"]
[EventCountry "ESP"]
[Source "lmi"]
[SourceDate "2011.09.15"]

1. d4 Nf6 2. c4 g6 3. Nc3 Bg7 4. e4 d6 5. f4 Nc6 6. Nf3 e5 7. dxe5 dxe5 8.
Qxd8+ Kxd8 9. fxe5 Ng4 10. Bg5+ f6 11. exf6 Bxf6 12. O-O-O+ Bd7 13. Bxf6+ Nxf6
14. e5 Ng4 15. e6 Nf2 16. Rxd7+ Ke8 17. Rg1 Nd8 18. Rd2 Ng4 19. e7 Nc6 20. Nd5
Rc8 21. g3 Nxe7 22. Bh3 h5 23. Re1 1-0

[Event "24. Open Moratalaz 2011"]
[Site "Madrid ESP"]
[Date "2011.09.15"]
[Round "1.3"]
[White "Tolosana Esteban, Enrique"]
[Black "Almagro Llanas, Pablo"]
[Result "0-1"]
[WhiteElo "1806"]
[BlackElo "2466"]
[PlyCount "94"]
[EventDate "2011.09.15"]
[EventType "swiss"]
[EventRounds "9"]
[EventCountry "ESP"]
[Source "lmi"]
[SourceDate "2011.09.15"]

1. e4 c6 2. d4 d5 3. Nc3 dxe4 4. Nxe4 Bf5 5. Ng3 Bg6 6. h4 h6 7. c3 e6 8. Nh3
Nf6 9. Nf4 Bh7 10. Bc4 Nbd7 11. Qe2 Qe7 12. Nd3 Nb6 13. Bb3 Qc7 14. Bf4 Bd6 15.
Be5 O-O-O 16. O-O-O Bxd3 17. Bxd6 Qxd6 18. Qxd3 c5 19. Qf3 cxd4 20. Rxd4 Qc6
21. Qxc6+ bxc6 22. Rhd1 Rxd4 23. Rxd4 Kc7 24. f3 c5 25. Rd2 g5 26. Ne4 Nxe4 27.
fxe4 Nd7 28. h5 g4 29. Rf2 Ne5 30. Rf6 Kd6 31. Kd2 Ke7 32. Rf1 Rd8+ 33. Ke3 Rb8
34. Rf2 a5 35. c4 Rb4 36. Rf4 a4 37. Bd1 Rxb2 38. Bxg4 Nxc4+ 39. Kd3 Ne5+ 40.
Kc3 Rxg2 41. Bd1 Rxa2 42. Bc2 Ra3+ 43. Kd2 Nf3+ 44. Kc1 Nd4 45. Bd1 Ra1+ 46.
Kd2 a3 47. e5 a2 0-1

[Event "24. Open Moratalaz 2011"]
[Site "Madrid ESP"]
[Date "2011.09.15"]
[Round "1.4"]
[White "Fernandez Cardoso, Alexey"]
[Black "Canseco Arenas, Alfonso"]
[Result "1-0"]
[WhiteElo "2465"]
[BlackElo "1800"]
[PlyCount "73"]
[EventDate "2011.09.15"]
[EventType "swiss"]
[EventRounds "9"]
[EventCountry "ESP"]
[Source "lmi"]
[SourceDate "2011.09.15"]

1. e4 c5 2. Nf3 d6 3. d4 cxd4 4. Nxd4 Nc6 5. Nc3 e6 6. f4 Nf6 7. Nb3 Be7 8. Be3
a6 9. Qf3 O-O 10. Bd3 Qc7 11. O-O Nb4 12. a4 b6 13. Rae1 Bb7 14. Qh3 Nxd3 15.
cxd3 Bc8 16. Rc1 Qd8 17. Nd4 e5 18. Nf5 Kh8 19. fxe5 dxe5 20. Bg5 Ng8 21. Bxe7
Nxe7 22. Qf3 Nxf5 23. exf5 Ra7 24. Qe3 Rd7 25. f6 gxf6 26. Ne4 f5 27. Rxc8 Qxc8
28. Nf6 Rd6 29. Qh6 Rxf6 30. Qxf6+ Kg8 31. Rxf5 Qc1+ 32. Rf1 Qxb2 33. h3 Qd4+
34. Kh1 Qxd3 35. Rf3 Qg6 36. Qxe5 Qc6 37. Rg3+ 1-0

[Event "24. Open Moratalaz 2011"]
[Site "Madrid ESP"]
[Date "2011.09.15"]
[Round "1.5"]
[White "Balsinde Montemayor, Pablo"]
[Black "Guerra Mendez, Jose Angel"]
[Result "0-1"]
[WhiteElo "1788"]
[BlackElo "2448"]
[PlyCount "32"]
[EventDate "2011.09.15"]
[EventType "swiss"]
[EventRounds "9"]
[EventCountry "ESP"]
[Source "lmi"]
[SourceDate "2011.09.15"]

1. d4 Nf6 2. c4 g6 3. Nc3 Bg7 4. e4 d6 5. f4 O-O 6. Nf3 c5 7. d5 e6 8. Be2 exd5
9. cxd5 Re8 10. Qc2 Nxe4 11. Nxe4 Bf5 12. Bd3 b5 13. O-O c4 14. Rd1 cxd3 15.
Qxd3 Nd7 16. Bd2 Rxe4 0-1

[Event "24. Open Moratalaz 2011"]
[Site "Madrid ESP"]
[Date "2011.09.15"]
[Round "1.6"]
[White "Rubio Mejia, Luis Ignacio"]
[Black "Galan Aguado, Fernando"]
[Result "1-0"]
[WhiteElo "2433"]
[BlackElo "1779"]
[PlyCount "53"]
[EventDate "2011.09.15"]
[EventType "swiss"]
[EventRounds "9"]
[EventCountry "ESP"]
[Source "lmi"]
[SourceDate "2011.09.15"]

1. d4 e6 2. c4 d5 3. Nc3 c6 4. e4 dxe4 5. Nxe4 b6 6. Nf3 Bb7 7. Bd3 Nd7 8. O-O
Be7 9. Bf4 Ndf6 10. Qe2 Nxe4 11. Bxe4 Nf6 12. Bc2 O-O 13. Rad1 Re8 14. a3 a5
15. Rfe1 Ra7 16. Be5 Nd7 17. c5 Nf8 18. b4 bxc5 19. dxc5 Qa8 20. Qe4 axb4 21.
axb4 Qc8 22. h4 f6 23. Bb2 Kh8 24. Bb3 f5 25. Qe3 Bf6 26. Bxf6 gxf6 27. Qh6 1-0

[Event "24. Open Moratalaz 2011"]
[Site "Madrid ESP"]
[Date "2011.09.15"]
[Round "1.9"]
[White "Rodriguez Bachiller, Luis"]
[Black "Hernando Pertierra, Jose Carlos"]
[Result "0-1"]
[WhiteElo "1777"]
[BlackElo "2383"]
[PlyCount "42"]
[EventDate "2011.09.15"]
[EventType "swiss"]
[EventRounds "9"]
[EventCountry "ESP"]
[Source "lmi"]
[SourceDate "2011.09.15"]

1. e4 g6 2. d4 Bg7 3. Nf3 c6 4. Nc3 d5 5. Be2 Bg4 6. h3 Bxf3 7. Bxf3 dxe4 8.
Nxe4 Qxd4 9. Qe2 Nf6 10. c3 Qe5 11. Nxf6+ exf6 12. Be3 O-O 13. Rd1 Qe6 14. O-O
Nd7 15. Rfe1 Ne5 16. Bc5 Rfd8 17. Rxd8+ Rxd8 18. Rd1 Rxd1+ 19. Qxd1 Nxf3+ 20.
Qxf3 Qe1+ 21. Kh2 Qe5+ 0-1

[Event "24. Open Moratalaz 2011"]
[Site "Madrid ESP"]
[Date "2011.09.15"]
[Round "1.10"]
[White "Renteria Becerra, Jorge Elicer"]
[Black "Montoya Pecurul, Marc"]
[Result "0-1"]
[WhiteElo "2319"]
[BlackElo "1776"]
[PlyCount "72"]
[EventDate "2011.09.15"]
[EventType "swiss"]
[EventRounds "9"]
[EventCountry "ESP"]
[Source "lmi"]
[SourceDate "2011.09.15"]

1. e4 c5 2. Nf3 d6 3. d4 cxd4 4. Nxd4 Nf6 5. Nc3 g6 6. Be3 Bg7 7. f3 O-O 8. Qd2
Nc6 9. Bc4 Bd7 10. O-O-O Rc8 11. Bb3 Ne5 12. h4 h5 13. Bg5 Rc5 14. Rhe1 b5 15.
f4 Nc4 16. Bxc4 Rxc4 17. e5 Ng4 18. exd6 Qb6 19. dxe7 Rfc8 20. Nb3 Be8 21. f5
b4 22. Ne4 gxf5 23. Nec5 R4xc5 24. Nxc5 Qxc5 25. Re2 Ne5 26. Qd5 Qc7 27. Kb1
Nc4 28. Rd3 Nxb2 29. Rd4 Na4 30. Rd3 Nc3+ 31. Rxc3 Qxc3 32. Kc1 Qb2+ 33. Kd1
Qb1+ 34. Kd2 Rxc2+ 35. Ke3 Rxe2+ 36. Kxe2 Qe4+ 0-1

[Event "24. Open Moratalaz 2011"]
[Site "Madrid ESP"]
[Date "2011.09.16"]
[Round "2.1"]
[White "Vazquez Igarza, Renier"]
[Black "Tipter, Napoleon"]
[Result "1-0"]
[WhiteElo "2572"]
[BlackElo "2028"]
[PlyCount "47"]
[EventDate "2011.09.15"]
[EventType "swiss"]
[EventRounds "9"]
[EventCountry "ESP"]
[Source "lmi"]
[SourceDate "2011.09.15"]

1. Nf3 Nf6 2. c4 g6 3. Nc3 Bg7 4. e4 d6 5. d4 O-O 6. Be2 Nc6 7. d5 Nb8 8. Bg5
Nbd7 9. Nd2 h6 10. Bh4 e5 11. Qc2 a6 12. f3 Rb8 13. b4 c6 14. Rb1 Qc7 15. Bf2
cxd5 16. cxd5 b5 17. a4 bxa4 18. Nc4 Nh5 19. g3 f5 20. Qxa4 Bb7 21. O-O Nhf6
22. Rbc1 Ba8 23. Qxa6 Rxb4 24. Nb5 1-0

[Event "24. Open Moratalaz 2011"]
[Site "Madrid ESP"]
[Date "2011.09.16"]
[Round "2.2"]
[White "Ruiz Sanchez, Roberto"]
[Black "Moreno Ruiz, Javier"]
[Result "0-1"]
[WhiteElo "1965"]
[BlackElo "2536"]
[PlyCount "86"]
[EventDate "2011.09.15"]
[EventType "swiss"]
[EventRounds "9"]
[EventCountry "ESP"]
[Source "lmi"]
[SourceDate "2011.09.15"]

1. e4 c5 2. Nf3 Nc6 3. d4 cxd4 4. Nxd4 g6 5. c4 Bg7 6. Be3 Nf6 7. Nc3 d6 8. Be2
O-O 9. O-O Bd7 10. Qd2 a5 11. f3 a4 12. Rac1 Qa5 13. Rfd1 Rfc8 14. Ndb5 Ne5 15.
Na3 Be6 16. Nd5 Qxd2 17. Bxd2 Nxd5 18. cxd5 Bd7 19. Bc3 Bh6 20. Bd2 Rxc1 21.
Bxc1 Bg7 22. Bg5 f6 23. Bd2 f5 24. Rc1 fxe4 25. fxe4 Ng4 26. Rc7 Bd4+ 27. Kf1
Nxh2+ 28. Ke1 Bg4 29. Rxe7 Rf8 30. Bxg4 Nxg4 31. Rxb7 Rf2 32. Nc4 Rxg2 33. Nxd6
h5 34. Nc4 h4 35. d6 h3 36. d7 Bf6 37. Bf4 Bh4+ 38. Kf1 Rf2+ 39. Kg1 Rxf4 40.
Rb8+ Kg7 41. d8=Q Bxd8 42. Rxd8 h2+ 43. Kg2 Rf2+ 0-1

[Event "24. Open Moratalaz 2011"]
[Site "Madrid ESP"]
[Date "2011.09.16"]
[Round "2.3"]
[White "Almagro Llanas, Pablo"]
[Black "Avendano Mateos, Ivan Jose"]
[Result "1-0"]
[WhiteElo "2466"]
[BlackElo "2002"]
[PlyCount "41"]
[EventDate "2011.09.15"]
[EventType "swiss"]
[EventRounds "9"]
[EventCountry "ESP"]
[Source "lmi"]
[SourceDate "2011.09.15"]

1. e4 c5 2. Nf3 d6 3. d4 cxd4 4. Nxd4 a6 5. c4 Nc6 6. Nc3 g6 7. Be3 Bg7 8. Be2
Nf6 9. O-O O-O 10. Rc1 Bd7 11. Nc2 Rc8 12. h3 Ne5 13. b3 Bc6 14. f4 Ned7 15.
Bf3 Nc5 16. Bxc5 dxc5 17. e5 Nd7 18. Bxc6 Rxc6 19. Qf3 Qc8 20. Rcd1 f5 21. Qd5+
1-0

[Event "24. Open Moratalaz 2011"]
[Site "Madrid ESP"]
[Date "2011.09.16"]
[Round "2.5"]
[White "Guerra Mendez, Jose Angel"]
[Black "Bote Kobolo, Benjamin"]
[Result "1-0"]
[WhiteElo "2448"]
[BlackElo "1979"]
[PlyCount "81"]
[EventDate "2011.09.15"]
[EventType "swiss"]
[EventRounds "9"]
[EventCountry "ESP"]
[Source "lmi"]
[SourceDate "2011.09.15"]

1. e4 c6 2. d4 d5 3. Nc3 dxe4 4. Nxe4 Bf5 5. Ng3 Bg6 6. h4 h6 7. Nf3 Nd7 8. h5
Bh7 9. Bd3 Bxd3 10. Qxd3 Qc7 11. Bd2 Ngf6 12. O-O-O e6 13. Ne4 Nd5 14. c4 N5f6
15. g3 Nxe4 16. Qxe4 O-O-O 17. Kb1 Nf6 18. Qe2 Kb8 19. Bc3 Be7 20. Ne5 Bd6 21.
f4 Rhe8 22. g4 Ng8 23. Rhf1 f6 24. Nd3 f5 25. c5 Bf8 26. d5 Qc8 27. d6 Nf6 28.
g5 Nd5 29. Ne5 Ka8 30. Bd4 Qb8 31. Rd3 a5 32. Ra3 Qa7 33. Nc4 a4 34. Qd1 b5 35.
cxb6 Qb7 36. Qxa4+ Kb8 37. Na5 Qd7 38. Nxc6+ Kb7 39. Nxd8+ Rxd8 40. Qa6+ Kc6
41. b7+ 1-0

[Event "24. Open Moratalaz 2011"]
[Site "Madrid ESP"]
[Date "2011.09.16"]
[Round "2.6"]
[White "Perez Cameselle, Francisco Jose"]
[Black "Rubio Mejia, Luis Ignacio"]
[Result "0-1"]
[WhiteElo "1938"]
[BlackElo "2433"]
[PlyCount "77"]
[EventDate "2011.09.15"]
[EventType "swiss"]
[EventRounds "9"]
[EventCountry "ESP"]
[Source "lmi"]
[SourceDate "2011.09.15"]

1. Nf3 c5 2. g3 Nc6 3. c4 g6 4. Nc3 Bg7 5. Bg2 Nf6 6. O-O O-O 7. d4 cxd4 8.
Nxd4 Ng4 9. e3 Nxd4 10. exd4 Nh6 11. Be3 Nf5 12. Qd2 d6 13. Rad1 Rb8 14. b3 Be6
15. d5 Nxe3 16. Qxe3 Bd7 17. Nb5 a6 18. Nd4 Re8 19. Qd2 Rc8 20. Rfe1 Qb6 21. h4
h5 22. Kh2 Qc5 23. Bf3 Bxd4 24. Qxd4 b5 25. cxb5 Qxd4 26. Rxd4 axb5 27. a4 Rc3
28. Bd1 bxa4 29. bxa4 Kf8 30. Re3 Rxe3 31. fxe3 Rc8 32. Kg2 Rc3 33. Kf2 Ra3 34.
e4 Kg7 35. Rb4 Kf6 36. Rb7 Bxa4 37. Bxa4 Rxa4 38. Kf3 Ra3+ 39. Kf2 0-1

[Event "24. Open Moratalaz 2011"]
[Site "Madrid ESP"]
[Date "2011.09.16"]
[Round "2.7"]
[White "Roa Alonso, Santiago"]
[Black "Rangelov, Georgi"]
[Result "1-0"]
[WhiteElo "2420"]
[BlackElo "1956"]
[PlyCount "75"]
[EventDate "2011.09.15"]
[EventType "swiss"]
[EventRounds "9"]
[EventCountry "ESP"]
[Source "lmi"]
[SourceDate "2011.09.15"]

1. g3 d5 2. f4 c5 3. Bg2 Nf6 4. Nf3 Nc6 5. O-O Qc7 6. c3 Bg4 7. d3 Rd8 8. Na3
a6 9. Qc2 e6 10. e4 dxe4 11. dxe4 Be7 12. Nc4 Bxf3 13. Bxf3 O-O 14. Qg2 b5 15.
Ne3 Rc8 16. a4 c4 17. axb5 axb5 18. e5 Nd7 19. Bxc6 Qxc6 20. Qxc6 Rxc6 21. Ra7
Nxe5 22. Rxe7 Nd3 23. Rb7 Rc5 24. Nc2 h6 25. Nd4 Ra8 26. Rxb5 Rxb5 27. Nxb5 Ra1
28. Be3 Ra2 29. Nd6 Nxb2 30. Bd4 Ra4 31. f5 exf5 32. Rxf5 f6 33. Rb5 Ra1+ 34.
Kg2 Ra2 35. Kf3 Kh7 36. h4 Nd3 37. h5 Rh2 38. Ne4 1-0

[Event "24. Open Moratalaz 2011"]
[Site "Madrid ESP"]
[Date "2011.09.16"]
[Round "2.8"]
[White "Camarero Izquierdo, Juan Carlos"]
[Black "Taboas Rodriguez, Daniel"]
[Result "0-1"]
[WhiteElo "1933"]
[BlackElo "2396"]
[PlyCount "66"]
[EventDate "2011.09.15"]
[EventType "swiss"]
[EventRounds "9"]
[EventCountry "ESP"]
[Source "lmi"]
[SourceDate "2011.09.15"]

1. d4 Nf6 2. Nc3 e6 3. e4 d5 4. e5 Nfd7 5. f4 c5 6. Nf3 Nc6 7. Bb5 a6 8. Bxc6
bxc6 9. O-O Rb8 10. dxc5 Bxc5+ 11. Kh1 O-O 12. Ng5 h6 13. Nf3 f6 14. Ne2 fxe5
15. fxe5 Qc7 16. Bf4 Ba7 17. Qc1 Nc5 18. Ng3 Rb4 19. Nh5 Qf7 20. Bd2 Rg4 21.
Ng3 Rxg3 22. hxg3 Ne4 23. Kh2 Qh5+ 24. Nh4 Rxf1 25. Qxf1 Nxd2 26. Qd1 Qg5 27.
Nf3 Nxf3+ 28. Qxf3 Bd4 29. Rf1 Bxe5 30. Kh3 Bf6 31. Qg4 Qxg4+ 32. Kxg4 e5+ 33.
Kh5 Kh7 0-1

[Event "24. Open Moratalaz 2011"]
[Site "Madrid ESP"]
[Date "2011.09.16"]
[Round "2.10"]
[White "Longa Yauca, Javier"]
[Black "Cardena Contreras, Javier"]
[Result "1-0"]
[WhiteElo "2307"]
[BlackElo "1948"]
[PlyCount "53"]
[EventDate "2011.09.15"]
[EventType "swiss"]
[EventRounds "9"]
[EventCountry "ESP"]
[Source "lmi"]
[SourceDate "2011.09.15"]

1. d4 d5 2. Nf3 Nc6 3. Nc3 Nf6 4. g3 Bf5 5. Bf4 Nb4 6. Rc1 c6 7. a3 Na6 8. Bg2
e6 9. O-O Bd6 10. Ne5 O-O 11. h3 c5 12. Nb5 Be7 13. c4 Nh5 14. Be3 f6 15. Nf3
dxc4 16. g4 Qb6 17. Nc3 Qxb2 18. gxf5 exf5 19. Nd5 Bd6 20. Rxc4 Qxa3 21. dxc5
Nxc5 22. Nd4 Qa6 23. Nxf5 Qxc4 24. Nxd6 Qb4 25. Ne7+ Kh8 26. Qd5 Nd7 27. Qg8+
1-0

[Event "24. Open Moratalaz 2011"]
[Site "Madrid ESP"]
[Date "2011.09.17"]
[Round "3.1"]
[White "Aziz Ortego, Omar Luis"]
[Black "Vazquez Igarza, Renier"]
[Result "0-1"]
[WhiteElo "2168"]
[BlackElo "2572"]
[PlyCount "106"]
[EventDate "2011.09.15"]
[EventType "swiss"]
[EventRounds "9"]
[EventCountry "ESP"]
[Source "lmi"]
[SourceDate "2011.09.15"]

1. e4 c5 2. c4 Nc6 3. Ne2 Nf6 4. Nbc3 g6 5. d4 cxd4 6. Nxd4 Nxd4 7. Qxd4 d6 8.
Be3 Bg7 9. Qd2 O-O 10. Bd4 Qa5 11. f3 Be6 12. Rd1 Rfc8 13. b3 a6 14. Nd5 Qxd2+
15. Rxd2 Bxd5 16. exd5 Nd7 17. Bxg7 Kxg7 18. Be2 b5 19. Kf2 bxc4 20. bxc4 Rab8
21. Rc1 Rb4 22. Rdc2 Rcb8 23. Ke3 Nc5 24. Rc3 Kf6 25. R3c2 Ra4 26. Rd1 Ra3+ 27.
Kd2 h5 28. h4 Ke5 29. Ke1 Na4 30. Kf2 Rb2 31. Rxb2 Nxb2 32. Rd2 Rxa2 33. Kg3 a5
34. Bd1 Ra1 35. Rxb2 Rxd1 36. Ra2 Rc1 37. Rxa5 Rxc4 38. Ra7 Kf6 39. Kh3 Rc5 40.
g4 hxg4+ 41. Kxg4 Rxd5 42. Ra1 Rd4+ 43. Kg3 e5 44. Ra7 Ke6 45. Ra8 Kf5 46. Ra3
Rd2 47. Rb3 d5 48. Ra3 d4 49. Rb3 Rc2 50. Rd3 Rc3 51. Rd1 Re3 52. h5 gxh5 53.
Kh4 d3 0-1

[Event "24. Open Moratalaz 2011"]
[Site "Madrid ESP"]
[Date "2011.09.17"]
[Round "3.2"]
[White "Moreno Ruiz, Javier"]
[Black "Ramos Aldoradin, John Paul"]
[Result "0-1"]
[WhiteElo "2536"]
[BlackElo "2159"]
[PlyCount "64"]
[EventDate "2011.09.15"]
[EventType "swiss"]
[EventRounds "9"]
[EventCountry "ESP"]
[Source "lmi"]
[SourceDate "2011.09.15"]

1. c4 e6 2. g3 d5 3. Bg2 c6 4. Nf3 Nd7 5. Qc2 Bd6 6. O-O Ne7 7. d4 O-O 8. Nc3
f5 9. Rb1 b6 10. b4 Bb7 11. Qb3 h6 12. a4 Rb8 13. Rd1 Kh8 14. Ba3 Qe8 15. cxd5
exd5 16. b5 c5 17. dxc5 Nxc5 18. Bxc5 bxc5 19. e3 f4 20. gxf4 d4 21. Ne2 Nf5
22. Ng3 dxe3 23. Nxf5 exf2+ 24. Kxf2 Bxf4 25. Ng3 c4 26. Qa3 c3 27. Re1 Qg6 28.
Qxc3 Rbc8 29. Qa3 Bxg3+ 30. hxg3 Rc2+ 31. Kg1 Rxf3 32. Re8+ Kh7 0-1

[Event "24. Open Moratalaz 2011"]
[Site "Madrid ESP"]
[Date "2011.09.17"]
[Round "3.4"]
[White "Rubio Mejia, Luis Ignacio"]
[Black "Varela Mourin, Jesus"]
[Result "1-0"]
[WhiteElo "2433"]
[BlackElo "2150"]
[PlyCount "81"]
[EventDate "2011.09.15"]
[EventType "swiss"]
[EventRounds "9"]
[EventCountry "ESP"]
[Source "lmi"]
[SourceDate "2011.09.15"]

1. d4 d6 2. Nf3 g6 3. c4 Bg7 4. Nc3 Nd7 5. e4 e5 6. Be2 Nh6 7. h4 f6 8. h5 c6
9. d5 c5 10. Qc2 a6 11. Be3 Qe7 12. a3 Rb8 13. b4 b6 14. Rb1 Rb7 15. bxc5 Nxc5
16. Na4 Qc7 17. Nxc5 bxc5 18. Rxb7 Qxb7 19. Bd3 Bd7 20. Nh4 g5 21. Nf5 Nxf5 22.
exf5 Bf8 23. O-O Be7 24. Rb1 Qc8 25. Rb2 O-O 26. Qb1 Kh8 27. Bd2 g4 28. Be4 Qe8
29. h6 Rg8 30. g3 Bf8 31. Rb8 Qh5 32. Qb7 Bxh6 33. Rxg8+ Kxg8 34. Qxd7 Bxd2 35.
Qxd6 Qg5 36. Qxc5 Be1 37. d6 Qc1 38. Kg2 Qd2 39. Bd5+ Kg7 40. d7 Qa5 41. Qe7+
1-0

[Event "24. Open Moratalaz 2011"]
[Site "Madrid ESP"]
[Date "2011.09.17"]
[Round "3.5"]
[White "Martin Duque, Jesus"]
[Black "Roa Alonso, Santiago"]
[Result "1/2-1/2"]
[WhiteElo "2136"]
[BlackElo "2420"]
[PlyCount "36"]
[EventDate "2011.09.15"]
[EventType "swiss"]
[EventRounds "9"]
[EventCountry "ESP"]
[Source "lmi"]
[SourceDate "2011.09.15"]

1. d4 Nf6 2. c4 e6 3. Nc3 Bb4 4. e3 c5 5. Nge2 b6 6. a3 Ba5 7. Rb1 Na6 8. Bd2
O-O 9. Ng3 d5 10. cxd5 exd5 11. Be2 c4 12. O-O Rb8 13. e4 b5 14. e5 Ne8 15. b4
Bb6 16. Be3 Nac7 17. f4 f5 18. Qd2 a6 1/2-1/2

[Event "24. Open Moratalaz 2011"]
[Site "Madrid ESP"]
[Date "2011.09.17"]
[Round "3.6"]
[White "Taboas Rodriguez, Daniel"]
[Black "Gomez Gonzalez, Javier"]
[Result "1-0"]
[WhiteElo "2396"]
[BlackElo "2106"]
[PlyCount "87"]
[EventDate "2011.09.15"]
[EventType "swiss"]
[EventRounds "9"]
[EventCountry "ESP"]
[Source "lmi"]
[SourceDate "2011.09.15"]

1. d4 Nf6 2. Nf3 b6 3. Bg5 Bb7 4. Bxf6 exf6 5. e3 f5 6. Bd3 g6 7. O-O Bg7 8. c4
O-O 9. Nc3 d6 10. Rc1 Nd7 11. b4 Nf6 12. d5 c6 13. dxc6 Bxc6 14. Nd4 Bb7 15.
Qb3 Ng4 16. Be2 Qh4 17. h3 Be5 18. Bf3 Bxd4 19. Bxb7 Nxe3 20. fxe3 Bxe3+ 21.
Kh1 Rab8 22. Bc6 Bxc1 23. Rxc1 Rbc8 24. b5 Rfe8 25. Bxe8 Rxe8 26. Nd5 Re2 27.
Qc3 Qf2 28. Nf6+ Kf8 29. Nxh7+ Kg8 30. Nf6+ Kf8 31. Rg1 Re3 32. Qc1 Kg7 33. Nd5
Re2 34. a4 Rc2 35. Qa1+ Kg8 36. Qf6 Qg3 37. Ne7+ Kf8 38. Nc8 Kg8 39. Nxd6 Re2
40. Qxf7+ Kh8 41. Qf8+ Kh7 42. Nf7 g5 43. Qh6+ Kg8 44. Nxg5 1-0

[Event "24. Open Moratalaz 2011"]
[Site "Madrid ESP"]
[Date "2011.09.17"]
[Round "3.7"]
[White "Iturbide Arnedo, Oscar"]
[Black "Hernando Pertierra, Jose Carlos"]
[Result "0-1"]
[WhiteElo "2128"]
[BlackElo "2383"]
[PlyCount "116"]
[EventDate "2011.09.15"]
[EventType "swiss"]
[EventRounds "9"]
[EventCountry "ESP"]
[Source "lmi"]
[SourceDate "2011.09.15"]

1. e4 g6 2. d4 Bg7 3. Nc3 c6 4. Bc4 b5 5. Bb3 b4 6. Nce2 a5 7. a3 Ba6 8. Nf3
Nf6 9. e5 Nd5 10. O-O O-O 11. Re1 h6 12. Nf4 e6 13. Bd2 Qe7 14. c4 bxc3 15.
bxc3 d6 16. c4 Nxf4 17. Bxf4 d5 18. c5 Nd7 19. h4 Rfb8 20. Rb1 Nf8 21. Qd2 Kh7
22. Bc2 Qc7 23. Rxb8 Rxb8 24. Rb1 Rxb1+ 25. Bxb1 Qb7 26. Bc2 Qb5 27. Ne1 a4 28.
Bd3 Qb7 29. Qb4 Qxb4 30. axb4 Bxd3 31. Nxd3 a3 32. Bc1 a2 33. Bb2 Nd7 34. Nc1
g5 35. hxg5 hxg5 36. Nxa2 f6 37. b5 cxb5 38. c6 Nb6 39. Nb4 Kg6 40. Nd3 Bf8 41.
Bc3 Nc8 42. g4 Kf7 43. f4 gxf4 44. Kg2 fxe5 45. dxe5 Be7 46. Kf3 Bd8 47. Kxf4
Na7 48. Nb4 Bb6 49. g5 Kg6 50. Bd2 Ba5 51. Be3 Nc8 52. Na6 b4 53. Nc5 Na7 54.
c7 Bxc7 55. Nxe6 b3 56. Bd4 Nc6 57. Nxc7 Nxd4 58. Nxd5 b2 0-1

[Event "24. Open Moratalaz 2011"]
[Site "Madrid ESP"]
[Date "2011.09.17"]
[Round "3.8"]
[White "Garcia Ruido, Ricardo"]
[Black "Longa Yauca, Javier"]
[Result "0-1"]
[WhiteElo "2077"]
[BlackElo "2307"]
[PlyCount "82"]
[EventDate "2011.09.15"]
[EventType "swiss"]
[EventRounds "9"]
[EventCountry "ESP"]
[Source "lmi"]
[SourceDate "2011.09.15"]

1. e4 Nf6 2. e5 Nd5 3. d4 d6 4. c4 Nb6 5. exd6 cxd6 6. Nc3 g6 7. h3 Bg7 8. Nf3
O-O 9. Be2 Nc6 10. Be3 d5 11. c5 Nc4 12. Bxc4 dxc4 13. O-O Bf5 14. Re1 Nb4 15.
Re2 Bd3 16. Rd2 Nd5 17. Nxd5 Qxd5 18. Qa4 f5 19. Bg5 Rf7 20. Ne5 Bxe5 21. dxe5
Qxe5 22. f4 Qxc5+ 23. Kh2 e5 24. Rc1 Qe3 25. Qd1 exf4 26. Bh4 b5 27. Bf2 Qe4
28. Qg1 f3 29. g3 h5 30. Re1 Qc6 31. h4 Re8 32. Rxe8+ Qxe8 33. Bxa7 Qe4 34. Bb8
f4 35. Qf2 fxg3+ 36. Bxg3 Qg4 37. Qb6 Bf5 38. Qf2 Re7 39. a3 Qh3+ 40. Kg1 Bd3
41. Bd6 Re4 0-1

[Event "24. Open Moratalaz 2011"]
[Site "Madrid ESP"]
[Date "2011.09.17"]
[Round "3.9"]
[White "Madurga Lopez, Ignacio"]
[Black "Solaesa Navalpotro, Luis Julio"]
[Result "0-1"]
[WhiteElo "2057"]
[BlackElo "2264"]
[PlyCount "130"]
[EventDate "2011.09.15"]
[EventType "swiss"]
[EventRounds "9"]
[EventCountry "ESP"]
[Source "lmi"]
[SourceDate "2011.09.15"]

1. e4 c6 2. d4 d5 3. exd5 cxd5 4. c4 Nf6 5. Nc3 Nc6 6. Bg5 e6 7. Nf3 Be7 8. c5
O-O 9. Bb5 Ne4 10. Bxe7 Nxe7 11. Qc2 Qa5 12. Bd3 Nxc3 13. Qxc3 Qxc3+ 14. bxc3
b6 15. cxb6 axb6 16. Kd2 Ba6 17. Rhb1 Bxd3 18. Kxd3 Ra6 19. Ne5 Rfa8 20. a4 f6
21. Nd7 Nc8 22. Rb4 Kf7 23. Rab1 Rxa4 24. Nxb6 Rxb4 25. Rxb4 Nxb6 26. Rxb6 Ra2
27. Ke3 h5 28. Rb7+ Kg6 29. h4 Rc2 30. Rc7 Kf5 31. Rxg7 Rxc3+ 32. Kd2 Ra3 33.
Rh7 Ke4 34. Re7 Ra2+ 35. Ke1 Ra1+ 36. Ke2 Ra2+ 37. Ke1 Kd3 38. f3 Rxg2 39. Rxe6
Kxd4 40. Rxf6 Ke3 41. Re6+ Kxf3 42. Re5 d4 43. Rxh5 Ke3 44. Re5+ Kd3 45. Ra5
Rh2 46. Ra3+ Ke4 47. Kd1 Rxh4 48. Kd2 Rh2+ 49. Kd1 Rb2 50. Ke1 Kd5 51. Kd1 Kc4
52. Rh3 Rf2 53. Ke1 Rc2 54. Kd1 Rc3 55. Rh4 Rg3 56. Kd2 Rg2+ 57. Kd1 Kc3 58.
Rh8 Rg1+ 59. Ke2 d3+ 60. Kf2 d2 61. Rc8+ Kb4 62. Rb8+ Kc5 63. Kxg1 d1=Q+ 64.
Kf2 Qd4+ 65. Ke2 Qe5+ 0-1

[Event "24. Open Moratalaz 2011"]
[Site "Madrid ESP"]
[Date "2011.09.17"]
[Round "3.10"]
[White "Sanchez Alarcos Galian, Victor"]
[Black "Alvarez Abejon, Amilcar"]
[Result "1-0"]
[WhiteElo "2239"]
[BlackElo "2038"]
[PlyCount "85"]
[EventDate "2011.09.15"]
[EventType "swiss"]
[EventRounds "9"]
[EventCountry "ESP"]
[Source "lmi"]
[SourceDate "2011.09.15"]

1. Nf3 Nf6 2. g3 g6 3. Bg2 Bg7 4. O-O d6 5. d4 O-O 6. Nc3 c5 7. d5 Na6 8. h3
Nc7 9. a4 e6 10. e4 Re8 11. Nd2 b6 12. Nc4 Ba6 13. Qd3 exd5 14. exd5 Nd7 15.
Bf4 Qf6 16. Ne4 Rxe4 17. Bxe4 g5 18. Bxh7+ Kh8 19. Bf5 Bxc4 20. Qxc4 Qxf5 21.
Bxd6 Qxd5 22. Qxd5 Nxd5 23. Rad1 Nb4 24. c3 Nc6 25. Rfe1 Nde5 26. Bxe5 Nxe5 27.
Kg2 Kg8 28. f4 gxf4 29. gxf4 Ng6 30. Kf3 Bf6 31. Kg4 Kg7 32. f5 Ne5+ 33. Kf4
Re8 34. Re4 c4 35. Kg3 Kh6 36. Rd6 Rg8+ 37. Kf4 Nd3+ 38. Kf3 Nc5 39. Rh4+ Kg5
40. Rg4+ Kxf5 41. Rxg8 Nxa4 42. Rg4 Ke5 43. Rd2 1-0